00650nam a2200193Ia 4500003000900000008004100009020001800050040001600068080001600084245011400100260004000214300001400254650002500268650001400293700003500307942000700342999001500349952009200364IN-BaIIA211028s9999 xx 000 0 eng d a90-277-1860-1 cIIA Library a523.92bSTU 0aPhysics of the Sunbvol. I, the solar interiorcedited by Peter A. Sturrock  aHollandbD. Reidel Publishingc1986 aix, 257p. aSolar interior98516 aSun91200 aSturrock, Peter A., ed.911889 cBK c8822d8822 00104070aBANbBANcGENd1986-09-29l0o523.92/ STUp9700r2021-11-05w1986-09-29yBK